000 00259nam a2200109Ia 4500
008 190912s9999||||xx |||||||||||||| ||und||
100 _aRajeev Batra
245 0 _aAdvertising Management
260 _aNew Delhi
_bAddision-
_c2002
300 _a751
942 _cBK
999 _c7543
_d7543